00709nam a22002057a 450000500170000001000150001702000260003202000230005803500130008103700130009408200140010710000130012124501120013426000460024627000660029230000230035850000500038165000420043165000300047320150316145044.0 aENG-112109 a9780199451326c795.00 a019945132Xc795.00 aEN-95641 bDBAD/PUB a363.60954 aVivek S. aDelivering public services effectively : cby Vivek S. ; foreworded by Jean DrezebTamil Nadu and beyond / aNew DelhibOxford University Press c2015 aYMCA Library Building, 1, Jai Singh Road, bNew Delhie110001 axx,244p.c24cm(Hb) aIncludes bibliographical references and index aMunicipal ServiceszIndiazTamil Nadu aMunicipal ServiceszIndia